LIBRARY & INFORMATION CENTRE, KCAET, TAVANUR

ONLINE PUBLIC ACCESS CATALOGUE (OPAC)

Sandhyayum Mazhavillum / (Record no. 896)

MARC details
000 -LEADER
fixed length control field 00406cam a2200169ua 4500
041 ## - LANGUAGE CODE
Language code of text/sound track or separate title mal
082 ## - DEWEY DECIMAL CLASSIFICATION NUMBER
Classification number 894.812308
Item number MAR/SA
100 ## - MAIN ENTRY--AUTHOR NAME
Personal name Marar, S.K .
245 ## - TITLE STATEMENT
Title Sandhyayum Mazhavillum /
260 ## - PUBLICATION, DISTRIBUTION, ETC. (IMPRINT)
Place of publication Kodungallur :
Name of publisher Kerala Book house ,
Year of publication 1966.
300 ## - PHYSICAL DESCRIPTION
Number of Pages 125 ; .
942 ## - ADDED ENTRY ELEMENTS (KOHA)
Koha item type Books
Holdings
Withdrawn status Lost status Damaged status Home library Current library Date acquired Full call number Accession Number Koha item type Public note
Withdrawn     KAUAET Malayalam University 07/04/2012 894.812308 8699 Books Transferred to Malayalam University
free website counter